| 000 | 00626nam a22001817a 4500 | ||
|---|---|---|---|
| 005 | 20170421112757.0 | ||
| 010 | _aENG-117908 | ||
| 020 |
_c1180.00 _a9788184846188 |
||
| 035 | _aEN-101440 | ||
| 037 | _bDBAD/PUB | ||
| 100 | _aSethy,Nilanchala | ||
| 245 |
_aPress and media laws : _cby Michiel Hazewinkel _bits impact on the administration of justice / |
||
| 260 |
_aNew Delhi _bRahul Composers _c2017 |
||
| 270 |
_aNew Highway Apartments, Lakshmi Niwas 760,Pocket-D, Lok Nayak Puram, _bNew Delhi _e110041 |
||
| 300 |
_axii,276p. _c21cm(Hb) |
||
| 500 | _aIncludes index | ||
| 942 |
_2ddc _cEN _h343.54099 _mSET |
||
| 999 |
_c139159 _d139159 |
||